[Event "VI Sunway Sitges Open 2019"]
[Site "Sitges"]
[Date "2019.12.16"]
[Round "4.39"]
[White "Pajeken, Jakob Leon"]
[Black "Sadhwani, Raunak"]
[Result "0-1"]
[WhiteElo "2350"]
[BlackElo "2507"]
[Annotator "ChessBase"]
[PlyCount "64"]
[EventDate "2019.12.13"]
[EventType "swiss"]
[EventCountry "ESP"]
[SourceTitle "playchess.com"]
[Source "ChessBase"]
[SourceQuality "1"]
[TimeControl "40/5400+30:1800+30"]

1. d4 {[%emt 0:00:00]} Nf6 {[%emt 0:00:00]} 2. Nf3 {[%emt 0:00:00]} g6 {[%emt 0:00:00]} 3. g3 {[%emt 0:00:00]} Bg7 {[%emt 0:00:00]} 4. Bg2 {[%emt 0:00:00]} O-O {[%emt 0:00:00]} 5. O-O {[%emt 0:00:00]} d6 {[%emt 0:00:00]} 6. b3 {[%emt 0:00:00]} b5 {[%emt 0:00:03]} 7. c4 {[%emt 0:00:07]} bxc4 {[%emt 0:00:57]} 8. Nfd2 {[%emt 0:00:18]} c6 {[%emt 0:03:16]} 9. Nxc4 {[%emt 0:01:16]} Bb7 {[%emt 0:05:00]} 10. Bb2 {[%emt 0:04:18]} Nbd7 {[%emt 0:00:26]} 11. Qd2 {[%emt 0:07:31]} Rc8 {[%emt 0:02:45]} 12. Rc1 {[%emt 0:07:56]} Ba8 {[%emt 0:00:36]} 13. e4 {[%emt 0:11:41]} d5 {[%emt 0:21:07]} 14. e5 {[%emt 0:01:15]} Ne4 {[%emt 0:04:14]} 15. Bxe4 {[%emt 0:22:58]} dxe4 {[%emt 0:00:03]} 16. Re1 {[%emt 0:00:39]} c5 {[%emt 0:10:03]} 17. d5 {[%emt 0:03:22]} Nb6 {[%emt 0:00:53]} 18. Nxb6 {[%emt 0:02:52]} axb6 {[%emt 0:00:01]} 19. Nc3 {[%emt 0:01:06]} Bxe5 {[%emt 0:00:58]} 20. Rxe4 {[%emt 0:00:57]} Bxc3 {[%emt 0:03:19]} 21. Qxc3 {[%emt 0:06:02]} f6 {[%emt 0:00:01]} 22. Rd1 {[%emt 0:12:27]} Bxd5 {[%emt 0:00:12]} 23. Qe3 {[%emt 0:06:15]} Rc7 {[%emt 0:01:37]} 24. Ra4 {[%emt 0:02:43]} Rd7 {[%emt 0:01:44]} 25. Re1 {[%emt 0:00:57]} e5 {[%emt 0:00:16]} 26. b4 {[%emt 0:02:48]} Bc6 {[%emt 0:00:53]} 27. Ra3 {[%emt 0:01:18]} c4 {[%emt 0:02:02]} 28. Rc3 {[%emt 0:02:22]} Rd3 {[%emt 0:01:32]} 29. Rxd3 {[%emt 0:01:15]} cxd3 {[%emt 0:00:22]} 30. b5 {[%emt 0:01:28]} Bxb5 {[%emt 0:00:49]} 31. Rc1 {[%emt 0:00:26]} Qd5 {[%emt 0:01:07]} 32. Ba3 {[%emt 0:01:03]} Rd8 {[%emt 0:00:58]} 0-1

[Event "VI Sunway Sitges Open 2019"]
[Site "Sitges"]
[Date "2019.12.16"]
[Round "4.40"]
[White "Girish, A. Koushik"]
[Black "Sidhant, Mohapatra"]
[Result "1-0"]
[WhiteElo "2506"]
[BlackElo "2338"]
[Annotator "ChessBase"]
[PlyCount "61"]
[EventDate "2019.12.13"]
[EventType "swiss"]
[EventCountry "ESP"]
[SourceTitle "playchess.com"]
[Source "ChessBase"]
[SourceQuality "1"]
[TimeControl "40/5400+30:1800+30"]

1. d4 {[%emt 0:00:00]} d5 {[%emt 0:00:00]} 2. c4 {[%emt 0:00:00]} c6 {[%emt 0:00:00]} 3. Nf3 {[%emt 0:00:00]} Nf6 {[%emt 0:00:13]} 4. Nc3 {[%emt 0:00:00]} e6 {[%emt 0:00:56]} 5. Bg5 {[%emt 0:00:43]} Nbd7 {[%emt 0:02:58]} 6. e3 {[%emt 0:00:50]} Qa5 {[%emt 0:00:30]} 7. cxd5 {[%emt 0:00:14]} Nxd5 {[%emt 0:00:27]} 8. Rc1 {[%emt 0:00:07]} Nxc3 {[%emt 0:03:29]} 9. bxc3 {[%emt 0:00:06]} Ba3 {[%emt 0:00:14]} 10. Rc2 {[%emt 0:00:04]} b6 {[%emt 0:00:16]} 11. Be2 {[%emt 0:00:17]} Ba6 {[%emt 0:00:26]} 12. O-O {[%emt 0:00:08]} Bxe2 {[%emt 0:00:50]} 13. Rxe2 {[%emt 0:00:30]} O-O {[%emt 0:01:13]} 14. e4 {[%emt 0:00:09]} Rfe8 {[%emt 0:04:37]} 15. Re3 {[%emt 0:06:25]} Rac8 {[%emt 0:11:53]} 16. e5 {[%emt 0:00:28]} Bf8 {[%emt 0:03:41]} 17. Nd2 {[%emt 0:08:19]} c5 {[%emt 0:02:52]} 18. Ne4 {[%emt 0:02:35]} cxd4 {[%emt 0:02:29]} 19. cxd4 {[%emt 0:01:42]} Qd5 {[%emt 0:02:46]} 20. Nc3 {[%emt 0:09:32]} Qa5 {[%emt 0:02:12]} 21. Ne4 {[%emt 0:19:11]} Qd5 {[%emt 0:00:52]} 22. Qh5 {[%emt 0:08:25]} g6 {[%emt 0:17:44]} 23. Qh4 {[%emt 0:01:32]} Rc4 {[%emt 0:02:15]} 24. Nc3 {[%emt 0:13:12]} Qc6 {[%emt 0:02:44]} 25. Ne2 {[%emt 0:02:34]} Bg7 {[%emt 0:05:49]} 26. Bh6 {[%emt 0:01:10]} Bxh6 {[%emt 0:07:18]} 27. Qxh6 {[%emt 0:00:05]} Rc8 {[%emt 0:00:09]} 28. h4 {[%emt 0:01:23]} Rc2 {[%emt 0:04:03]} 29. Ng3 {[%emt 0:05:33]} Rc1 {[%emt 0:00:50]} 30. Nh5 {[%emt 0:00:53]} Rxf1+ {[%emt 0:00:16]} 31. Kh2 {[%emt 0:03:53]} 1-0

[Event "VI Sunway Sitges Open 2019"]
[Site "Sitges"]
[Date "2019.12.16"]
[Round "4.41"]
[White "Kucuksari, Kaan"]
[Black "Krzyzanowski, Marcin"]
[Result "0-1"]
[WhiteElo "2337"]
[BlackElo "2506"]
[Annotator "ChessBase"]
[PlyCount "108"]
[EventDate "2019.12.13"]
[EventType "swiss"]
[EventCountry "ESP"]
[SourceTitle "playchess.com"]
[Source "ChessBase"]
[SourceQuality "1"]
[TimeControl "40/5400+30:1800+30"]

1. d4 {[%emt 0:00:00]} Nf6 {[%emt 0:00:00]} 2. Bg5 {[%emt 0:00:00]} e6 {[%emt 0:02:02]} 3. e4 {[%emt 0:00:00]} h6 {[%emt 0:00:16]} 4. Bxf6 {[%emt 0:00:02]} Qxf6 {[%emt 0:00:04]} 5. c3 {[%emt 0:00:03]} d6 {[%emt 0:00:50]} 6. Nd2 {[%emt 0:00:23]} g6 {[%emt 0:01:45]} 7. Bd3 {[%emt 0:00:12]} Bg7 {[%emt 0:00:41]} 8. Ne2 {[%emt 0:00:04]} e5 {[%emt 0:07:27]} 9. O-O {[%emt 0:00:05]} Qe7 {[%emt 0:01:16]} 10. f4 {[%emt 0:00:29]} Nd7 {[%emt 0:04:40]} 11. Nc4 {[%emt 0:02:54]} O-O {[%emt 0:03:56]} 12. Kh1 {[%emt 0:07:44]} b6 {[%emt 0:14:20]} 13. Ne3 {[%emt 0:11:58]} Bb7 {[%emt 0:02:14]} 14. fxe5 {[%emt 0:01:06]} dxe5 {[%emt 0:00:08]} 15. d5 {[%emt 0:00:02]} Nc5 {[%emt 0:01:47]} 16. Ng3 {[%emt 0:03:56]} Qg5 {[%emt 0:01:34]} 17. Rf3 {[%emt 0:01:29]} Bc8 {[%emt 0:01:38]} 18. Bc4 {[%emt 0:02:20]} Nb7 {[%emt 0:01:54]} 19. Ba6 {[%emt 0:07:03]} Nd6 {[%emt 0:05:03]} 20. Bxc8 {[%emt 0:00:05]} Raxc8 {[%emt 0:00:04]} 21. Qd3 {[%emt 0:03:28]} h5 {[%emt 0:02:01]} 22. Raf1 {[%emt 0:03:05]} h4 {[%emt 0:02:50]} 23. Ne2 {[%emt 0:00:36]} f5 {[%emt 0:01:03]} 24. Nc4 {[%emt 0:02:26]} Nxe4 {[%emt 0:04:11]} 25. d6 {[%emt 0:00:01]} cxd6 {[%emt 0:02:24]} 26. Nxd6 {[%emt 0:00:01]} Nxd6 {[%emt 0:01:25]} 27. Qxd6 {[%emt 0:00:02]} Rcd8 {[%emt 0:00:44]} 28. Qe6+ {[%emt 0:01:28]} Rf7 {[%emt 0:01:12]} 29. R3f2 {[%emt 0:06:47]} Qf6 {[%emt 0:03:54]} 30. Qc4 {[%emt 0:00:23]} Bh6 {[%emt 0:01:35]} 31. g4 {[%emt 0:04:46]} hxg3 {[%emt 0:15:18]} 32. Nxg3 {[%emt 0:00:02]} Bf4 {[%emt 0:00:28]} 33. Ne2 {[%emt 0:00:32]} Bh6 {[%emt 0:02:24]} 34. Ng3 {[%emt 0:00:51]} f4 {[%emt 0:03:21]} 35. Ne4 {[%emt 0:04:18]} Qf5 {[%emt 0:00:58]} 36. Re1 {[%emt 0:05:08]} Kg7 {[%emt 0:01:24]} 37. Nd2 {[%emt 0:01:41]} Re7 {[%emt 0:02:37]} 38. Qe4 {[%emt 0:07:59]} Qxe4+ {[%emt 0:01:16]} 39. Nxe4 {[%emt 0:01:44]} Rd3 {[%emt 0:00:48]} 40. Kg2 {[%emt 0:00:00]} Kf7 {[%emt 0:00:00]} 41. Rf3 {[%emt 0:05:31]} Rd8 {[%emt 0:05:28]} 42. Kh3 {[%emt 0:02:17]} Red7 {[%emt 0:01:16]} 43. Rff1 {[%emt 0:05:27]} Rd3+ {[%emt 0:02:41]} 44. Kg4 {[%emt 0:00:14]} Ke6 {[%emt 0:00:37]} 45. Rf2 {[%emt 0:17:18]} a5 {[%emt 0:02:12]} 46. a4 {[%emt 0:01:40]} R8d7 {[%emt 0:07:06]} 47. Rff1 {[%emt 0:02:29]} Bg7 {[%emt 0:01:49]} 48. Kg5 {[%emt 0:02:56]} Bf8 {[%emt 0:01:30]} 49. Kg4 {[%emt 0:03:20]} Be7 {[%emt 0:00:56]} 50. Rf3 {[%emt 0:07:57]} Rxf3 {[%emt 0:01:20]} 51. Kxf3 {[%emt 0:00:02]} Kf5 {[%emt 0:00:35]} 52. Kg2 {[%emt 0:01:15]} Bh4 {[%emt 0:00:53]} 53. Re2 {[%emt 0:00:07]} Rd3 {[%emt 0:00:13]} 54. Nd2 {[%emt 0:00:13]} e4 {[%emt 0:00:17]} 0-1

[Event "VI Sunway Sitges Open 2019"]
[Site "Sitges"]
[Date "2019.12.16"]
[Round "4.42"]
[White "Saduakassova, Dinara"]
[Black "Krastev, Alexander"]
[Result "1-0"]
[WhiteElo "2505"]
[BlackElo "2323"]
[Annotator "ChessBase"]
[PlyCount "63"]
[EventDate "2019.12.13"]
[EventType "swiss"]
[EventCountry "ESP"]
[SourceTitle "playchess.com"]
[Source "ChessBase"]
[SourceQuality "1"]
[TimeControl "40/5400+30:1800+30"]

1. e4 {[%emt 0:00:00]} c5 {[%emt 0:00:00]} 2. Nf3 {[%emt 0:00:00]} Nc6 {[%emt 0:00:46]} 3. Bb5 {[%emt 0:00:14]} g6 {[%emt 0:00:07]} 4. Bxc6 {[%emt 0:04:22]} bxc6 {[%emt 0:00:06]} 5. O-O {[%emt 0:00:49]} Bg7 {[%emt 0:00:06]} 6. Re1 {[%emt 0:04:28]} Nh6 {[%emt 0:00:16]} 7. Nc3 {[%emt 0:04:34]} O-O {[%emt 0:01:17]} 8. h3 {[%emt 0:02:08]} d6 {[%emt 0:06:48]} 9. e5 {[%emt 0:04:20]} Nf5 {[%emt 0:05:01]} 10. d3 {[%emt 0:00:43]} Rb8 {[%emt 0:04:22]} 11. Ne4 {[%emt 0:04:03]} dxe5 {[%emt 0:38:55]} 12. Nxc5 {[%emt 0:00:16]} Qc7 {[%emt 0:01:47]} 13. Qe2 {[%emt 0:07:01]} Rb5 {[%emt 0:03:13]} 14. Nb3 {[%emt 0:02:07]} Rd8 {[%emt 0:08:27]} 15. c4 {[%emt 0:01:22]} Rb8 {[%emt 0:00:13]} 16. Bd2 {[%emt 0:00:42]} Qd6 {[%emt 0:04:15]} 17. Rad1 {[%emt 0:08:53]} c5 {[%emt 0:03:31]} 18. Ba5 {[%emt 0:04:52]} Re8 {[%emt 0:02:54]} 19. Nxe5 {[%emt 0:01:13]} Rxb3 {[%emt 0:02:13]} 20. axb3 {[%emt 0:00:16]} Nd4 {[%emt 0:00:03]} 21. Qe4 {[%emt 0:01:44]} Nc2 {[%emt 0:00:52]} 22. Qc6 {[%emt 0:11:53]} Qxc6 {[%emt 0:00:27]} 23. Nxc6 {[%emt 0:00:04]} Nxe1 {[%emt 0:00:04]} 24. Rxe1 {[%emt 0:00:10]} Kf8 {[%emt 0:07:08]} 25. b4 {[%emt 0:03:09]} Bf5 {[%emt 0:02:42]} 26. bxc5 {[%emt 0:02:40]} Bxd3 {[%emt 0:00:56]} 27. b3 {[%emt 0:02:09]} a6 {[%emt 0:02:24]} 28. Nb4 {[%emt 0:08:07]} Bf5 {[%emt 0:00:05]} 29. Nd5 {[%emt 0:01:02]} Bc2 {[%emt 0:04:55]} 30. c6 {[%emt 0:00:49]} Bxb3 {[%emt 0:00:33]} 31. c7 {[%emt 0:00:11]} Bc2 {[%emt 0:00:33]} 32. Nxe7 {[%emt 0:00:45]} 1-0

[Event "VI Sunway Sitges Open 2019"]
[Site "Sitges"]
[Date "2019.12.16"]
[Round "4.43"]
[White "Divya Deshmukh"]
[Black "Sadzikowski, Daniel"]
[Result "1/2-1/2"]
[WhiteElo "2332"]
[BlackElo "2504"]
[Annotator "ChessBase"]
[PlyCount "83"]
[EventDate "2019.12.13"]
[EventType "swiss"]
[EventCountry "ESP"]
[SourceTitle "playchess.com"]
[Source "ChessBase"]
[SourceQuality "1"]
[TimeControl "40/5400+30:1800+30"]

1. e4 {[%emt 0:00:00]} e6 {[%emt 0:00:00]} 2. d4 {[%emt 0:00:00]} d5 {[%emt 0:00:00]} 3. Nd2 {[%emt 0:00:00]} Be7 {[%emt 0:00:00]} 4. Bd3 {[%emt 0:00:06]} c5 {[%emt 0:00:19]} 5. dxc5 {[%emt 0:00:55]} Nf6 {[%emt 0:00:21]} 6. Ngf3 {[%emt 0:03:59]} dxe4 {[%emt 0:01:54]} 7. Bxe4 {[%emt 0:02:27]} Na6 {[%emt 0:04:34]} 8. c6 {[%emt 0:03:33]} Nxe4 {[%emt 0:02:25]} 9. Nxe4 {[%emt 0:00:05]} Qxd1+ {[%emt 0:00:43]} 10. Kxd1 {[%emt 0:00:01]} O-O {[%emt 0:08:31]} 11. Be3 {[%emt 0:08:53]} Nb4 {[%emt 0:27:13]} 12. c7 {[%emt 0:26:54]} Nd5 {[%emt 0:09:51]} 13. Ke2 {[%emt 0:08:45]} b6 {[%emt 0:01:56]} 14. Rhd1 {[%emt 0:01:27]} Ba6+ {[%emt 0:01:44]} 15. Ke1 {[%emt 0:00:43]} Rfc8 {[%emt 0:04:10]} 16. Nd4 {[%emt 0:13:07]} Nxe3 {[%emt 0:04:09]} 17. fxe3 {[%emt 0:00:09]} Rxc7 {[%emt 0:00:06]} 18. Rd2 {[%emt 0:05:55]} Rac8 {[%emt 0:02:10]} 19. g3 {[%emt 0:03:04]} g6 {[%emt 0:02:22]} 20. c3 {[%emt 0:02:52]} Bb7 {[%emt 0:07:57]} 21. Nf2 {[%emt 0:00:15]} a6 {[%emt 0:00:25]} 22. Ke2 {[%emt 0:00:51]} Rd8 {[%emt 0:06:34]} 23. Rad1 {[%emt 0:01:43]} Rcd7 {[%emt 0:01:13]} 24. Ng4 {[%emt 0:00:56]} Rd5 {[%emt 0:03:46]} 25. e4 {[%emt 0:03:28]} Rg5 {[%emt 0:01:05]} 26. Nf2 {[%emt 0:01:53]} Re8 {[%emt 0:02:20]} 27. Nf3 {[%emt 0:01:40]} Rb5 {[%emt 0:00:27]} 28. b4 {[%emt 0:01:27]} Rh5 {[%emt 0:03:17]} 29. g4 {[%emt 0:06:04]} Rh6 {[%emt 0:00:01]} 30. Rd7 {[%emt 0:01:00]} Bc6 {[%emt 0:00:11]} 31. Rc7 {[%emt 0:00:05]} Ba4 {[%emt 0:01:27]} 32. Rd2 {[%emt 0:00:04]} g5 {[%emt 0:01:00]} 33. e5 {[%emt 0:00:50]} f5 {[%emt 0:00:51]} 34. exf6 {[%emt 0:02:51]} Rxf6 {[%emt 0:00:31]} 35. Ne4 {[%emt 0:00:47]} Rf4 {[%emt 0:00:01]} 36. Ke3 {[%emt 0:00:37]} Rxg4 {[%emt 0:02:31]} 37. h3 {[%emt 0:00:31]} Rf4 {[%emt 0:00:04]} 38. Nfxg5 {[%emt 0:00:29]} Rf5 {[%emt 0:00:52]} 39. Rg2 {[%emt 0:00:30]} Kh8 {[%emt 0:00:28]} 40. Nxe6 {[%emt 0:00:29]} Re5 {[%emt 0:01:06]} 41. Ng7 {[%emt 0:05:29]} Rg8 {[%emt 0:17:46]} 42. Kd4 {[%emt 0:19:51]} 1/2-1/2

[Event "VI Sunway Sitges Open 2019"]
[Site "Sitges"]
[Date "2019.12.16"]
[Round "4.44"]
[White "Davtyan, David Arm."]
[Black "Barseghyan, Harutyun"]
[Result "0-1"]
[WhiteElo "2327"]
[BlackElo "2498"]
[Annotator "ChessBase"]
[PlyCount "198"]
[EventDate "2019.12.13"]
[EventType "swiss"]
[EventCountry "ESP"]
[SourceTitle "playchess.com"]
[Source "ChessBase"]
[SourceQuality "1"]
[TimeControl "40/5400+30:1800+30"]

1. c4 {[%emt 0:00:11]} Nf6 {[%emt 0:01:46]} 2. Nc3 {[%emt 0:00:13]} e6 {[%emt 0:00:13]} 3. d4 {[%emt 0:00:16]} Bb4 {[%emt 0:02:24]} 4. e3 {[%emt 0:00:57]} b6 {[%emt 0:03:18]} 5. Bd3 {[%emt 0:05:34]} Bb7 {[%emt 0:00:18]} 6. f3 {[%emt 0:00:39]} c5 {[%emt 0:02:57]} 7. a3 {[%emt 0:00:17]} Bxc3+ {[%emt 0:01:09]} 8. bxc3 {[%emt 0:02:04]} d5 {[%emt 0:03:37]} 9. cxd5 {[%emt 0:00:11]} exd5 {[%emt 0:00:03]} 10. Ne2 {[%emt 0:00:06]} O-O {[%emt 0:01:03]} 11. O-O {[%emt 0:01:12]} Re8 {[%emt 0:00:21]} 12. Ng3 {[%emt 0:08:08]} Nc6 {[%emt 0:01:35]} 13. Ra2 {[%emt 0:04:54]} Rc8 {[%emt 0:19:53]} 14. Raf2 {[%emt 0:04:20]} Rc7 {[%emt 0:12:50]} 15. Re1 {[%emt 0:09:06]} cxd4 {[%emt 0:08:11]} 16. cxd4 {[%emt 0:00:27]} Na5 {[%emt 0:01:22]} 17. e4 {[%emt 0:06:06]} dxe4 {[%emt 0:04:23]} 18. fxe4 {[%emt 0:00:06]} Rxc1 {[%emt 0:02:12]} 19. Qxc1 {[%emt 0:00:06]} Ng4 {[%emt 0:02:13]} 20. Qf4 {[%emt 0:06:04]} Nxf2 {[%emt 0:00:07]} 21. Qxf2 {[%emt 0:00:03]} Rf8 {[%emt 0:05:12]} 22. d5 {[%emt 0:06:46]} Qd6 {[%emt 0:04:43]} 23. Nf5 {[%emt 0:05:52]} Qe5 {[%emt 0:00:02]} 24. Nd4 {[%emt 0:01:44]} Rc8 {[%emt 0:02:55]} 25. Rf1 {[%emt 0:07:53]} f6 {[%emt 0:00:40]} 26. Nf3 {[%emt 0:02:54]} Qc3 {[%emt 0:01:12]} 27. Qe2 {[%emt 0:04:24]} Nb3 {[%emt 0:01:50]} 28. e5 {[%emt 0:06:29]} Nc1 {[%emt 0:05:37]} 29. Bxh7+ {[%emt 0:00:45]} Kxh7 {[%emt 0:00:27]} 30. Qe4+ {[%emt 0:00:00]} Kg8 {[%emt 0:00:17]} 31. exf6 {[%emt 0:00:21]} Qxf6 {[%emt 0:01:22]} 32. Ne5 {[%emt 0:00:39]} Qe7 {[%emt 0:05:47]} 33. Kh1 {[%emt 0:12:18]} Nd3 {[%emt 0:00:45]} 34. Qxd3 {[%emt 0:01:59]} Qxe5 {[%emt 0:00:02]} 35. d6 {[%emt 0:00:17]} Qe4 {[%emt 0:02:13]} 36. Qg3 {[%emt 0:00:33]} Rc2 {[%emt 0:02:43]} 37. d7 {[%emt 0:00:01]} Qxg2+ {[%emt 0:00:26]} 38. Qxg2 {[%emt 0:00:05]} Bxg2+ {[%emt 0:00:03]} 39. Kg1 {[%emt 0:00:02]} Rd2 {[%emt 0:00:11]} 40. Rf2 {[%emt 0:00:00]} Rxd7 {[%emt 0:00:00]} 41. Kxg2 {[%emt 0:01:33]} Rd3 {[%emt 0:02:28]} 42. a4 {[%emt 0:00:57]} Rd4 {[%emt 0:01:35]} 43. a5 {[%emt 0:00:14]} b5 {[%emt 0:03:59]} 44. a6 {[%emt 0:01:04]} b4 {[%emt 0:02:17]} 45. Rb2 {[%emt 0:04:14]} Kh7 {[%emt 0:05:04]} 46. Rb3 {[%emt 0:02:13]} Kh6 {[%emt 0:02:08]} 47. Rh3+ {[%emt 0:01:21]} Kg5 {[%emt 0:04:50]} 48. Re3 {[%emt 0:00:33]} Kf6 {[%emt 0:00:10]} 49. Rf3+ {[%emt 0:00:27]} Kg6 {[%emt 0:03:33]} 50. Rg3+ {[%emt 0:04:07]} Kf5 {[%emt 0:00:37]} 51. Rf3+ {[%emt 0:00:55]} Ke6 {[%emt 0:01:49]} 52. Rg3 {[%emt 0:01:05]} Kf7 {[%emt 0:00:18]} 53. Rf3+ {[%emt 0:01:49]} Kg8 {[%emt 0:00:24]} 54. Re3 {[%emt 0:00:44]} Rd2+ {[%emt 0:04:17]} 55. Kg1 {[%emt 0:01:09]} Kf7 {[%emt 0:02:02]} 56. Rf3+ {[%emt 0:00:15]} Ke6 {[%emt 0:00:15]} 57. Rb3 {[%emt 0:02:05]} Rd4 {[%emt 0:01:08]} 58. Rg3 {[%emt 0:00:38]} Kf5 {[%emt 0:01:17]} 59. Rf3+ {[%emt 0:02:31]} Kg6 {[%emt 0:01:39]} 60. Rg3+ {[%emt 0:00:34]} Kh7 {[%emt 0:00:01]} 61. Rh3+ {[%emt 0:00:18]} Kg8 {[%emt 0:00:04]} 62. Re3 {[%emt 0:00:15]} Kf7 {[%emt 0:00:40]} 63. Rf3+ {[%emt 0:00:05]} Kg8 {[%emt 0:00:39]} 64. Re3 {[%emt 0:00:06]} Rd6 {[%emt 0:00:17]} 65. Re8+ {[%emt 0:00:10]} Kh7 {[%emt 0:00:06]} 66. Rb8 {[%emt 0:00:04]} Rxa6 {[%emt 0:00:04]} 67. Rxb4 {[%emt 0:00:03]} Ra2 {[%emt 0:00:14]} 68. Rg4 {[%emt 0:02:02]} Kh6 {[%emt 0:00:30]} 69. Rc4 {[%emt 0:01:57]} Kh5 {[%emt 0:00:20]} 70. Rc6 {[%emt 0:00:51]} g5 {[%emt 0:00:11]} 71. Rc4 {[%emt 0:00:43]} a5 {[%emt 0:00:09]} 72. Rd4 {[%emt 0:00:09]} a4 {[%emt 0:00:13]} 73. Rb4 {[%emt 0:00:07]} a3 {[%emt 0:00:31]} 74. Ra4 {[%emt 0:00:04]} g4 {[%emt 0:00:52]} 75. Ra5+ {[%emt 0:01:18]} Kg6 {[%emt 0:00:43]} 76. Ra8 {[%emt 0:02:13]} Kf5 {[%emt 0:00:13]} 77. Rf8+ {[%emt 0:01:01]} Ke4 {[%emt 0:00:03]} 78. Re8+ {[%emt 0:00:04]} Kf3 {[%emt 0:00:18]} 79. Rf8+ {[%emt 0:00:05]} Ke3 {[%emt 0:00:05]} 80. Re8+ {[%emt 0:00:03]} Kf3 {[%emt 0:00:04]} 81. Rf8+ {[%emt 0:00:16]} Ke3 {[%emt 0:00:03]} 82. Re8+ {[%emt 0:00:04]} Kd3 {[%emt 0:00:04]} 83. Rd8+ {[%emt 0:00:03]} Kc3 {[%emt 0:00:05]} 84. Rc8+ {[%emt 0:00:04]} Kd3 {[%emt 0:00:03]} 85. Rd8+ {[%emt 0:00:05]} Kc3 {[%emt 0:00:04]} 86. Rc8+ {[%emt 0:00:03]} Kb2 {[%emt 0:01:41]} 87. Rb8+ {[%emt 0:00:05]} Kc2 {[%emt 0:02:13]} 88. Rc8+ {[%emt 0:01:31]} Kb1 {[%emt 0:00:10]} 89. Ra8 {[%emt 0:02:06]} Ra1 {[%emt 0:00:06]} 90. Kf2 {[%emt 0:01:51]} Kb2 {[%emt 0:00:20]} 91. Rb8+ {[%emt 0:01:39]} Kc3 {[%emt 0:00:29]} 92. Ra8 {[%emt 0:00:41]} Kb3 {[%emt 0:00:10]} 93. Rb8+ {[%emt 0:00:09]} Ka2 {[%emt 0:00:11]} 94. Rb4 {[%emt 0:03:34]} Rb1 {[%emt 0:01:05]} 95. Rxg4 {[%emt 0:00:04]} Kb3 {[%emt 0:00:03]} 96. Rg8 {[%emt 0:01:43]} a2 {[%emt 0:00:04]} 97. Rb8+ {[%emt 0:00:05]} Kc3 {[%emt 0:00:25]} 98. Rc8+ {[%emt 0:00:09]} Kd3 {[%emt 0:00:14]} 99. Rd8+ {[%emt 0:00:05]} Ke4 {[%emt 0:00:09]} 0-1

[Event "VI Sunway Sitges Open 2019"]
[Site "Sitges"]
[Date "2019.12.16"]
[Round "4.45"]
[White "Iniyan, P."]
[Black "Risting, Eivind Olav"]
[Result "1/2-1/2"]
[WhiteElo "2497"]
[BlackElo "2307"]
[Annotator "ChessBase"]
[PlyCount "85"]
[EventDate "2019.12.13"]
[EventType "swiss"]
[EventCountry "ESP"]
[SourceTitle "playchess.com"]
[Source "ChessBase"]
[SourceQuality "1"]
[TimeControl "40/5400+30:1800+30"]

1. d4 {[%emt 0:00:00]} d5 {[%emt 0:00:00]} 2. c4 {[%emt 0:00:00]} e6 {[%emt 0:00:01]} 3. Nf3 {[%emt 0:00:00]} a6 {[%emt 0:00:32]} 4. Nc3 {[%emt 0:01:34]} dxc4 {[%emt 0:01:49]} 5. a4 {[%emt 0:06:10]} Nf6 {[%emt 0:06:07]} 6. e3 {[%emt 0:00:00]} c5 {[%emt 0:01:08]} 7. Bxc4 {[%emt 0:00:00]} Nc6 {[%emt 0:00:53]} 8. O-O {[%emt 0:00:00]} Be7 {[%emt 0:00:58]} 9. Qd3 {[%emt 0:06:53]} O-O {[%emt 0:01:44]} 10. Rd1 {[%emt 0:00:08]} Qc7 {[%emt 0:03:51]} 11. Qe2 {[%emt 0:02:31]} b6 {[%emt 0:11:49]} 12. d5 {[%emt 0:05:44]} exd5 {[%emt 0:00:39]} 13. Nxd5 {[%emt 0:01:05]} Nxd5 {[%emt 0:00:40]} 14. Bxd5 {[%emt 0:00:09]} Bf6 {[%emt 0:11:08]} 15. Nd2 {[%emt 0:06:07]} Bb7 {[%emt 0:08:07]} 16. Ne4 {[%emt 0:00:02]} Be7 {[%emt 0:02:40]} 17. Bd2 {[%emt 0:23:00]} Nd4 {[%emt 0:07:24]} 18. exd4 {[%emt 0:00:09]} Bxd5 {[%emt 0:00:07]} 19. dxc5 {[%emt 0:00:43]} Qe5 {[%emt 0:14:33]} 20. Re1 {[%emt 0:00:01]} Bxc5 {[%emt 0:09:27]} 21. Bc3 {[%emt 0:05:29]} Qxe4 {[%emt 0:01:54]} 22. Qxe4 {[%emt 0:00:46]} Bxe4 {[%emt 0:00:03]} 23. Rxe4 {[%emt 0:00:09]} Rfe8 {[%emt 0:00:53]} 24. Rae1 {[%emt 0:00:25]} Rxe4 {[%emt 0:00:39]} 25. Rxe4 {[%emt 0:00:08]} f6 {[%emt 0:03:20]} 26. Kf1 {[%emt 0:06:10]} Kf7 {[%emt 0:00:12]} 27. Rc4 {[%emt 0:04:22]} Rb8 {[%emt 0:04:47]} 28. b4 {[%emt 0:03:31]} Bd6 {[%emt 0:01:00]} 29. Rc6 {[%emt 0:00:21]} Ke7 {[%emt 0:01:52]} 30. b5 {[%emt 0:01:23]} axb5 {[%emt 0:00:19]} 31. axb5 {[%emt 0:00:10]} Bc5 {[%emt 0:01:06]} 32. Bd2 {[%emt 0:02:19]} Kd7 {[%emt 0:03:34]} 33. Be3 {[%emt 0:01:42]} Bxe3 {[%emt 0:00:49]} 34. fxe3 {[%emt 0:00:08]} Re8 {[%emt 0:01:21]} 35. Rxb6 {[%emt 0:00:07]} Kc7 {[%emt 0:00:08]} 36. Rc6+ {[%emt 0:08:52]} Kb7 {[%emt 0:00:10]} 37. Rd6 {[%emt 0:00:04]} Kc7 {[%emt 0:00:09]} 38. Rd3 {[%emt 0:00:04]} Re5 {[%emt 0:00:14]} 39. b6+ {[%emt 0:00:06]} Kxb6 {[%emt 0:00:13]} 40. Rd7 {[%emt 0:00:00]} Rg5 {[%emt 0:00:00]} 41. h4 {[%emt 0:00:09]} Rg4 {[%emt 0:03:15]} 42. Rd4 {[%emt 0:01:14]} Rxd4 {[%emt 0:02:10]} 43. exd4 {[%emt 0:00:08]} 1/2-1/2